Edgard Rodríguez Luiggi (Record no. 10275)

MARC details
000 - LÍDER
campo de control de longitud fija 01131nam a2200229Ia 4500
008 - ELEMENTOS DE DATOS DE LONGITUD FIJA - INFORMACIÓN GENERAL
campo de control de longitud fija 0000002005 pr ad 0000000000spa00
090 ## - NÚMERO DE LLAMADA DE TIPO LC LOCALMENTE ASIGNADO (OCLC)
Número de clasificación (OCLC) (R) PPR00 N63e
100 1# - ENTRADA PRINCIPAL - NOMBRE PERSONAL
Nombre de la persona Nogueras Cuevas, Celina
245 10 - TÍTULO DECLARACIÓN
Título Edgard Rodríguez Luiggi
Resto del título : muérdago
Declaración de responsabilidad / textos y curaduría Celina Nogueras Cuevas
260 ## - PUBLICACIÓN, DISTRIBUCIÓN
Lugar de publicación San Juan de Puerto Rico : Galería 356
Fecha de publicación 2005
300 ## - DESCRIPCIÓN FÍSICA
Alcance [12] p.
Dimensiones / 23 cm.
500 ## - NOTA GENERAL
Nota general Exposición realizada en Galería 356, San Juan, mayo 12 a junio 11 de 2005 \ Incluye datos cronología del artista \ Registro auspiciado por la FGAA. Bogotá
501 ## - Con nota
Con nota Pintar, ¿por qué?, mirar ¿para quiéñ / Celina Nogueras Cuevas
505 ## - NOTA DE CONTENIDO FORMATEADA
Nota sobre el contenido formateado OBRAS : Muérdagos Retollos Vigilantes Latitudes Distancias cortadas Prejuiciados Al compás de la muerte Mecedoras inalienables Cubierto refugios
600 00 - ENTRADA DE SUJETO AÑADIDO - NOMBRE PERSONAL
Nombre de la persona RODRIGUEZ LUIGGI, EDGARD, 1968/
Subdivisión general TRABAJOS PICTORICOS
650 14 - ENTRADA DE SUJETO AÑADIDO - TÉRMINO TÓPICO
Término tópico o elemento de entrada del nombre geográfico ARTE CONTEMPORANEO PUERTORRIQUEÑO
650 14 - ENTRADA DE SUJETO AÑADIDO - TÉRMINO TÓPICO
Término tópico o elemento de entrada del nombre geográfico ARTISTAS PLASTICOS PUERTORRIQUEÑOS
650 14 - ENTRADA DE SUJETO AÑADIDO - TÉRMINO TÓPICO
Subdivisión general CATALOGOS
650 14 - ENTRADA DE SUJETO AÑADIDO - TÉRMINO TÓPICO
Subdivisión general EXPOSICIONES
650 14 - ENTRADA DE SUJETO AÑADIDO - TÉRMINO TÓPICO
Término tópico o elemento de entrada del nombre geográfico PINTORES PUERTORRIQUEÑOS
650 14 - ENTRADA DE SUJETO AÑADIDO - TÉRMINO TÓPICO
Término tópico o elemento de entrada del nombre geográfico PINTURA PUERTORRIQUEÑA
Holdings
Estado de retirada Pérdida de estatus Estado dañado No para préstamo Código de recogida Ubicación permanente Ubicación actual Ubicación de las estanterías Fecha de adquisición Número de llamada completo Código de barras Fecha de la última vez que se vio Número de copia Precio efectivo desde Tipo de artículo Koha
        General ArtNexus ArtNexus General 06/09/2022 P-PR-0063E 10367 06/09/2022 Ej.1 06/09/2022 Libro

Powered by Koha